Normal view
MARC view
- GREENSPAN, H.P, BENNEY, D
Entry Personal Name
001 - CONTROL NUMBER
- control field: 67751
003 - CONTROL NUMBER IDENTIFIER
- control field: NUST
005 - DATE AND TIME OF LATEST TRANSACTION
- control field: 20210628203907.0
008 - FIXED-LENGTH DATA ELEMENTS
- fixed length control field: 210628|| aca||aabn | a|a d
040 ## - CATALOGING SOURCE
- Original cataloging agency: NUST
- Transcribing agency: NUST
100 ## - HEADING--PERSONAL NAME
- Personal name: GREENSPAN, H.P, BENNEY, D
670 ## - SOURCE DATA FOUND
- Source citation: Work cat.: (NUST): GREENSPAN, H.P, BENNEY, D., CALCULUS, AN INTRODUCTION TO APPLIED MATHEMATICS, 1986
